Fr. Conceicao Rodrigues College of Engineering

Project Management for IT-Related Projects (Record no. 19458)

MARC details
000 -LEADER
fixed length control field 00352nam a2200157Ia 4500
082 ## - DEWEY DECIMAL CLASSIFICATION NUMBER
Classification number 004.24/HUG
Item number HUG
100 ## - MAIN ENTRY--PERSONAL NAME
Personal name Hughes/Bob
245 ## - TITLE STATEMENT
Title Project Management for IT-Related Projects
260 ## - PUBLICATION, DISTRIBUTION, ETC.
Name of publisher, distributor, etc. BCS
Date of publication, distribution, etc. 2007
366 ## - TRADE AVAILABILITY INFORMATION
Publishers's discount category 20
300 ## - PHYSICAL DESCRIPTION
Extent 130
546 ## - LANGUAGE NOTE
Language note ENGLISH
650 ## - SUBJECT ADDED ENTRY--TOPICAL TERM
Topical term or geographic name entry element Project Management
654 ## - SUBJECT ADDED ENTRY--FACETED TOPICAL TERMS
Focus term project management
942 ## - ADDED ENTRY ELEMENTS (KOHA)
Koha item type BOOK
Holdings
Withdrawn status Lost status Damaged status Not for loan Collection Home library Current library Date acquired Source of acquisition Cost, normal purchase price Inventory number Total Checkouts Full call number Barcode Date last seen Cost, replacement price Price effective from Koha item type
        CRC Fr. Agnel's C.Rodrigues College of Engineering Fr. Agnel's C.Rodrigues College of Engineering 17/03/2023 United Book Distributors 236.00 6282 dt 26/03/2008   004.24/HUG HUG 18647 17/03/2023 295.00   BOOK
        CRC Fr. Agnel's C.Rodrigues College of Engineering Fr. Agnel's C.Rodrigues College of Engineering 17/03/2023 United Book Distributors 236.00 6282 dt 26/03/2008   004.24/HUG HUG 18648 17/03/2023 295.00   BOOK